Cuadernos / (Registro nro. 25125)
[ vista simple ]
| 000 -LEADER | |
|---|---|
| fixed length control field | 01538cam a2200397 i 4500 |
| 001 - CONTROL NUMBER | |
| control field | 25125 |
| 003 - CONTROL NUMBER IDENTIFIER | |
| control field | Mx-PuUPA |
| 005 - DATE AND TIME OF LATEST TRANSACTION | |
| control field | 20250625092340.0 |
| 008 - FIXED-LENGTH DATA ELEMENTS--GENERAL INFORMATION | |
| fixed length control field | 140415s2001 sp a gr 000 0 spa d |
| 017 ## - COPYRIGHT OR LEGAL DEPOSIT NUMBER | |
| Copyright or legal deposit number | P-110/2001 |
| 020 ## - INTERNATIONAL STANDARD BOOK NUMBER | |
| International Standard Book Number | 8481644552 |
| 040 ## - CATALOGING SOURCE | |
| Original cataloging agency | Mx-PuUPA |
| Language of cataloging | spa |
| Transcribing agency | Mx-PuUPA |
| Modifying agency | Mx-PuUPA |
| Description conventions | rda |
| 041 1# - LANGUAGE CODE | |
| Language code of text/sound track or separate title | spa |
| Language code of original | fre |
| 100 1# - MAIN ENTRY--PERSONAL NAME | |
| Personal name | Weil, Simone, |
| Dates associated with a name | 1909-1943 |
| Relator term | autor |
| 9 (RLIN) | 17241 |
| 240 10 - UNIFORM TITLE | |
| Uniform title | Cahiers. |
| Number of part/section of a work | Español |
| 245 10 - TITLE STATEMENT | |
| Title | Cuadernos / |
| Statement of responsibility, etc. | Simone Weil ; traducción, comentarios y notas, Carlos Ortega |
| 264 #1 - PRODUCTION, PUBLICATION, DISTRIBUTION, MANUFACTURE, AND COPYRIGHT NOTICE | |
| Place of production, publication, distribution, manufacture | Madrid, Español : |
| Name of producer, publisher, distributor, manufacturer | Editorial Trotta, |
| Date of production, publication, distribution, manufacture, or copyright notice | 2001 |
| 300 ## - PHYSICAL DESCRIPTION | |
| Extent | 858 páginas : |
| Other physical details | ilustraciones (blanco y negro) ; |
| Dimensions | 23 cm |
| 336 ## - CONTENT TYPE | |
| Fuente | rdacontent |
| Content type term | texto |
| Content type code | txt |
| 337 ## - MEDIA TYPE | |
| Source | rdamedia |
| Media type term | sin medio |
| Media type code | n |
| 338 ## - CARRIER TYPE | |
| Source | rdacarrier |
| Carrier type term | volumen |
| Carrier type code | nc |
| 490 0# - SERIES STATEMENT | |
| Series statement | Colección Estructuras y Procesos |
| 490 0# - SERIES STATEMENT | |
| Series statement | Religión |
| 546 ## - LANGUAGE NOTE | |
| Language note | Algunos fragmentos en inglés, griego clásico, latín y francés. |
| 600 10 - SUBJECT ADDED ENTRY--PERSONAL NAME | |
| Personal name | Weil, Simone |
| Chronological subdivision | 1909-1943 |
| Form subdivision | Cuadernos de notas, apuntes, etc. |
| 650 #7 - SUBJECT ADDED ENTRY--TOPICAL TERM | |
| Source of heading or term | armarc |
| Topical term or geographic name entry element | Filosofía |
| General subdivision | Ensayos |
| 650 #7 - SUBJECT ADDED ENTRY--TOPICAL TERM | |
| Source of heading or term | armarc |
| Topical term or geographic name entry element | Filosofía francesa |
| Geographic subdivision | Siglo XX |
| 650 #7 - SUBJECT ADDED ENTRY--TOPICAL TERM | |
| Source of heading or term | armarc |
| Topical term or geographic name entry element | Filosofías francesas |
| Form subdivision | Biografías |
| 655 #4 - INDEX TERM--GENRE/FORM | |
| Genre/form data or focus term | Cuadernos de notas, apuntes, etc. |
| 700 1# - ADDED ENTRY--PERSONAL NAME | |
| Personal name | Ortega, Carlos, |
| Relator term | traductor |
| -- | autor de comentarios |
| -- | autor de notas |
| 765 1# - ORIGINAL LANGUAGE ENTRY | |
| Main entry heading | Weil, Simone |
| Title | Cahiers |
| Place, publisher, and date of publication | Librairie Plon, ©2001 |
| 942 ## - ADDED ENTRY ELEMENTS (KOHA) | |
| Source of classification or shelving scheme | Dewey Decimal Classification |
| Koha item type | Libro |
| Classification part | 194.0904 |
| Item part | S5818 |
| Withdrawn status | Lost status | Source of classification or shelving scheme | Damaged status | Not for loan | Collection code | Home library | Current library | Shelving location | Date acquired | Source of acquisition | Cost, normal purchase price | Total Checkouts | Total Renewals | Full call number | Barcode | Date last seen | Date last checked out | Cost, replacement price | Price effective from | Koha item type |
|---|---|---|---|---|---|---|---|---|---|---|---|---|---|---|---|---|---|---|---|---|
| Dewey Decimal Classification | General | Biblioteca Karol Wojtyla | Biblioteca Karol Wojtyla | Sala general | 29/11/2024 | Donación | 0.00 | 1 | 1 | 194.0904 S5818 2001 | 46869 | 28/02/2026 | 31/01/2026 | 0.00 | 03/12/2013 | Libro |